000 00801nam a2200265Ia 4500
003 OSt
005 20220925225305.0
006 a|||||r|||| 00| 0
007 ta
008 220923b |||||||| |||| 00| 0 eng d
020 _a0803997523
037 _cGeneral Book
040 _aRTL
_cRTL
_beng
041 _2eng
_aeng
082 _aX:329.1(X).N8, M5
100 _aWalton John Ed.
_9292184
245 0 _aCapital and labour in the urbanized world
260 _aLondon
_bSage
_c1985
300 _aix, 237p
_ccm.
490 _aSage studies in international sociology, 31. International Sociological Association
500 _aBibliography chapterwise
650 _aWages
_9229845
942 _hX:329.1(X).N8, M5
_cGB
_2CC
999 _c583218
_d583218